|
|
|
|
| LEADER |
00000naa2a2200000 4500 |
| 001 |
629326 |
| 005 |
20240617092151.0 |
| 035 |
|
|
|a (RuTPU)RU\TPU\conf\29850
|
| 035 |
|
|
|a RU\TPU\conf\29849
|
| 090 |
|
|
|a 629326
|
| 100 |
|
|
|a 20190418d2019 k y0rusy50 ca
|
| 101 |
0 |
|
|a rus
|
| 102 |
|
|
|a RU
|
| 105 |
|
|
|a y z 101zy
|
| 135 |
|
|
|a drgn ---uucaa
|
| 181 |
|
0 |
|a i
|
| 182 |
|
0 |
|a b
|
| 200 |
1 |
|
|a Значимые даты и события в истории города Юрги Кемеровской области
|f Е. С. Прудников
|g науч. рук. И. С. Соловенко
|
| 203 |
|
|
|a Текст
|c электронный
|
| 300 |
|
|
|a Заглавие с экрана
|
| 320 |
|
|
|a [Библиогр.: с. 33 (23 назв.)]
|
| 330 |
|
|
|a В данной статье впервые даётся авторский взгляд на то, кого какие даты и события можно отнести к наиболее значимым в истории города Юрги Кемеровской области. Предлагается перечень дат и событий с короткой характеристикой причины их включения. Делается вывод о малоизученности многих вопросов этой темы и её научной перспективности.
|
| 463 |
|
1 |
|0 629252
|t Прогрессивные технологии и экономика в машиностроении. Естественные и гуманитарные науки
|d 2019
|9 629252
|a Зернин, Е. А. (специалист в области сварочного производства ; 1977-)
|c Томск
|n Изд-во ТПУ
|o отдельный выпуск
|p 1 файл(1,8 Mb)
|u http://earchive.tpu.ru/handle/11683/53071
|v [С. 31-33]
|
| 610 |
1 |
|
|a электронный ресурс
|
| 610 |
1 |
|
|a труды учёных ТПУ
|
| 610 |
1 |
|
|a даты
|
| 610 |
1 |
|
|a события
|
| 610 |
1 |
|
|a история
|
| 610 |
1 |
|
|a города
|
| 610 |
1 |
|
|a Юрга
|
| 610 |
1 |
|
|a Кемеровская область
|
| 610 |
1 |
|
|a исторические даты
|
| 700 |
|
1 |
|a Прудников
|b Е. С.
|
| 702 |
|
1 |
|a Соловенко
|b И. С.
|c историк, экономист
|c доцент Юргинского технологического института (филиала) Томского политехнического университета
|f 1971-
|g Игорь Сергеевич
|4 727
|
| 712 |
0 |
2 |
|a Национальный исследовательский Томский политехнический университет (ТПУ)
|b Юргинский технологический институт (филиал) (ЮТИ)
|b Отделение цифровых технологий (ОЦТ)
|3 (RuTPU)RU\TPU\col\24718
|
| 801 |
|
2 |
|a RU
|b 63413507
|c 20190419
|g RCR
|
| 856 |
4 |
|
|u http://earchive.tpu.ru/handle/11683/53133
|
| 942 |
|
|
|c BK
|